000 00728nam a2200265Ia 4500
003 OSt
005 20221007062735.0
006 a|||||r|||| 00| 0
007 ta
008 221006b |||||||| |||| 00| 0 eng d
024 _a675
037 _cReference Collections
040 _aFLL
_cFLL
_beng
041 _2eng
_aeng
082 _aX:5.1, P1
100 _aGoyal Arun
245 0 _aWTO in the new millennium
250 _a5th
260 _aBombay
_bAcademy of Business Study and MVIRDC World Trade Centre
_c2001
300 _a688p
_ccm.
650 _aCase law
_9683300
700 _a Mohd. Noor
_9683301
942 _hX:5.1, P1
_cREF
_2CC
999 _c1129413
_d1129413